000
00307nam a22001337a 4500
008
171013b xxu||||| |||| 00| 0 eng d
020
_a
012199760-X
041
_a
eng
080
_a
316
100
_a
50
101
_a
SOC
245
_a
MESSAGE ATTITUDE BEHAVIOR RELATIONSHIP
_c
CUSHMAN,D.P
942
_2
udc
_c
BK
999
_c
33558
_d
33558